000 00417nam a2200169Ia 4500
003 0STCL
008 150530s9999 xx 000 0 und d
040 _aSTCL
_cSTCL
100 _aPaul Ekins
245 _aEconomic growth and environmental sustainability the prospect for green growth
250 _aFirst
260 _c2000
546 _aEnglish
942 _2ddc
_cBK
999 _c12132
_d12132
005 20220125165619.0